| 000 | 01263cam a22002771 4500 | ||
|---|---|---|---|
| 001 | hew64000072 | ||
| 003 | DLC | ||
| 005 | 20260227111513.0 | ||
| 008 | 851003s1963 dcu f000 0 eng c | ||
| 010 | _ahew64000072 | ||
| 035 | _a(OCoLC)12629616 | ||
| 040 |
_aU.S. Dept. of Health, Education, and Welfare. Library _cDNIE _dDLC |
||
| 042 | _apremarc | ||
| 043 | _an-us--- | ||
| 050 | 0 | 0 |
_aL112 _b.A4 |
| 051 |
_aL111 _b.A72 no. 737 |
||
| 110 | 1 |
_aUnited States. _bAdvisory Panel on Educational Statistics. |
|
| 245 | 1 | 0 | _aReport. |
| 260 |
_a[Washington] _bU.S. Dept. of Health, Education, and Welfare, Office of Education, _c1963. |
||
| 300 |
_avii, 22 p. _c27 cm. |
||
| 500 | _aIssued, by error, as U.S. Office of Education. Circular 737, OE-20061. | ||
| 501 |
_aL111.A72 with: Preliminary report on teaching faculty in higher education, 1962-63 : primary teaching areas and contract salaries / by Ralph E. Dunham and Patricia S. Wright. [Washington] : U.S. Dept. of Health, Education, and Welfare, Office of Education, 1964. Bound together subsequent to publication. _5DLC |
||
| 610 | 1 | 0 |
_aUnited States. _bOffice of Education _xStatistical program. |
| 650 | 0 |
_aEducation _zUnited States _vStatistics. |
|
| 710 | 1 |
_aUnited States. _bOffice of Education. |
|
| 999 |
_c34483 _d34483 |
||